000 00333 a2200157 4500
001 47560
020 _a978-85-262-9848-4
040 _cAnchieta - Aquarius
100 _aRios, Rosana
240 1 0 _aO monstro
_lpor
245 1 0 _aO monstro
300 _a32p.
362 0 _a2015
650 4 _aLiteratura infanto-juvenil
942 _cBK
999 _c47560
_d47560